[Event "Novokuznetsk-ch"]
[Site "Novokuznetsk"]
[Date "2016.05.05"]
[Round "5"]
[White "Vorobyova, Alyona"]
[Black "Kotenko, Vadim"]
[Result "1-0"]
[WhiteElo "1994"]
[BlackElo "2015"]
[PlyCount "41"]
[EventDate "2016.05.01"]
[EventType "swiss"]
[EventRounds "9"]
[EventCountry "RUS"]
[SourceTitle "CBM 172 Extra"]
[Source "ChessBase"]
[SourceDate "2016.06.21"]
[SourceVersion "1"]
[SourceVersionDate "2016.06.21"]
[SourceQuality "1"]

1. e4 e6 2. d4 d5 3. exd5 exd5 4. Bd3 Bd6 5. Qf3 c6 6. Ne2 Qf6 7. Qe3+ Ne7 8. Nbc3 0-0 9. f3 Bf5 10. Bd2 Bxd3 11. Qxd3 Ng6 12. g3 Nd7 13. 0-0-0 Qe6 14. Rde1 f5 15. h4 Rae8 16. h5 Ne7 17. Nf4 Qf7 18. Ne6 Bxg3 19. Re2 Nc8 20. Nxf8 Rxe2 21. Nxe2 1-0

[Event "Novokuznetsk Kustov op"]
[Site "Novokuznetsk"]
[Date "2014.10.11"]
[Round "4"]
[White "Parygin, Dmitriy"]
[Black "Kotenko, Vadim"]
[Result "0-1"]
[WhiteElo "1851"]
[BlackElo "2014"]
[PlyCount "118"]
[EventDate "2014.09.28"]
[EventType "swiss"]
[EventRounds "9"]
[EventCountry "RUS"]
[SourceTitle "EXT 2018"]
[Source "ChessBase"]
[SourceDate "2017.10.13"]
[SourceVersion "1"]
[SourceVersionDate "2017.10.13"]
[SourceQuality "1"]

1. Nf3 e6 2. g3 d5 3. Bg2 Nf6 4. d3 Nbd7 5. Nbd2 Bc5 6. 0-0 0-0 7. Re1 Nb6 8. c3 Re8 9. e4 dxe4 10. Nxe4 Nxe4 11. dxe4 Qxd1 12. Rxd1 e5 13. b4 Bd6 14. Rd3 a5 15. b5 a4 16. a3 Be6 17. Nd2 Ra5 18. Bf1 Bc5 19. c4 Nxc4 20. Nxc4 Bxc4 21. Rd7 Bxf1 22. Kxf1 Rxb5 23. Ke2 c6 24. Ra2 f6 25. Rc2 Ra8 26. h4 Kf8 27. h5 Be7 28. h6 g6 29. Rcd2 Ke8 30. R2d3 Rd8 31. Rxd8+ Bxd8 32. f4 Rb3 33. Rxb3 axb3 34. Kd3 exf4 35. gxf4 f5 36. e5 Be7 37. Kc3 Bf8 38. Kxb3 Bxh6 39. Kc4 Bf8 40. a4 h5 41. Be3 h4 42. Bf2 h3 43. Bg3 Kd7 44. Bh2 Ba3 45. Kb3 Bc5 46. Kc3 Bf2 47. Kd3 Be1 48. Ke2 Bh4 49. Kf3 c5 50. Ke2 Ke6 51. Kd3 Kd5 52. Kc3 Be1+ 53. Kc2 c4 54. Kd1 Bh4 55. Kd2 Kc5 56. Kc3 Be1+ 57. Kc2 Kb4 58. e6 Bh4 59. Bg1 Bf6 0-1

[Event "Novokuznetsk Kustov op"]
[Site "Novokuznetsk"]
[Date "2014.09.28"]
[Round "1"]
[White "Kotenko, Vadim"]
[Black "Sharapov, Artiom"]
[Result "1-0"]
[WhiteElo "2014"]
[BlackElo "1789"]
[PlyCount "61"]
[EventDate "2014.09.28"]
[EventType "swiss"]
[EventRounds "9"]
[EventCountry "RUS"]
[SourceTitle "EXT 2018"]
[Source "ChessBase"]
[SourceDate "2017.10.13"]
[SourceVersion "1"]
[SourceVersionDate "2017.10.13"]
[SourceQuality "1"]

1. d4 d5 2. Nf3 Nc6 3. c3 Bg4 4. Bg5 Bxf3 5. exf3 Nf6 6. Bd3 Qd6 7. 0-0 0-0-0 8. b4 h5 9. a4 e5 10. b5 Na5 11. Be3 e4 12. fxe4 dxe4 13. Be2 Ng4 14. Bxg4+ hxg4 15. Qxg4+ Kb8 16. h3 Re8 17. Nd2 Re6 18. Nxe4 Qd5 19. Ng3 Nc4 20. Rfe1 Nd6 21. Qg5 Qxg5 22. Bxg5 Nc4 23. Rxe6 fxe6 24. Re1 Bd6 25. Rxe6 Nb2 26. a5 Nc4 27. a6 b6 28. Ne4 Na3 29. Nxd6 cxd6 30. Rxd6 Nxb5 31. Rc6 1-0

[Event "Novokuznetsk Kuzbass Festival"]
[Site "Novokuznetsk"]
[Date "2014.??.??"]
[Round "6"]
[White "Kheyfets, Nataliya"]
[Black "Kotenko, Vadim"]
[Result "0-1"]
[WhiteElo "1871"]
[BlackElo "2032"]
[PlyCount "80"]
[EventDate "2014.??.??"]
[EventType "swiss"]
[EventRounds "7"]
[EventCountry "RUS"]
[SourceTitle "EXT 2016"]
[Source "ChessBase"]
[SourceDate "2015.10.08"]
[SourceVersion "1"]
[SourceVersionDate "2015.10.08"]
[SourceQuality "1"]

1. e4 c5 2. c3 Nf6 3. e5 Nd5 4. d4 e6 5. Nf3 b6 6. c4 Nc7 7. d5 exd5 8. cxd5 d6 9. Bg5 Be7 10. exd6 Qxd6 11. Bxe7 Kxe7 12. Nc3 Re8 13. Be2 Kf8 14. 0-0 Ba6 15. Bxa6 Nbxa6 16. Ng5 Qg6 17. f4 Rad8 18. Qb3 Nb4 19. Rad1 Qf5 20. d6 Ne6 21. Nge4 Nd4 22. Rxd4 cxd4 23. Qxb4 dxc3 24. Nxc3 Qc5+ 25. Qxc5 bxc5 26. Rd1 Re6 27. Rd5 Rdxd6 28. Rxc5 Rd2 29. Rc8+ Re8 30. Rxe8+ Kxe8 31. Nb5 a5 32. b4 axb4 33. Nc7+ Kd7 34. Na6 Rb2 35. Nc5+ Kc6 36. Nd3 Rb1+ 37. Kf2 Kd5 38. Ke3 f6 39. Kd2 Kc4 40. Kc2 Rg1 0-1

[Event "Novokuznetsk Kuzbass Festival"]
[Site "Novokuznetsk"]
[Date "2014.??.??"]
[Round "2"]
[White "Kotenko, Vadim"]
[Black "Markova, Elizaveta"]
[Result "0-1"]
[WhiteElo "2032"]
[BlackElo "1850"]
[PlyCount "78"]
[EventDate "2014.??.??"]
[EventType "swiss"]
[EventRounds "7"]
[EventCountry "RUS"]
[SourceTitle "EXT 2016"]
[Source "ChessBase"]
[SourceDate "2015.10.08"]
[SourceVersion "1"]
[SourceVersionDate "2015.10.08"]
[SourceQuality "1"]

1. d4 d5 2. Nf3 Nf6 3. Bg5 e6 4. Nbd2 Be7 5. e3 Nbd7 6. Bd3 c5 7. c3 0-0 8. 0-0 b6 9. Ne5 Bb7 10. f4 Ne4 11. Bxe7 Qxe7 12. Nxe4 dxe4 13. Bc2 Rad8 14. Qb1 f5 15. Nxd7 Rxd7 16. Ba4 Rc7 17. Qd1 Rd8 18. Qd2 Qd6 19. Rfd1 Ba6 20. a3 Bd3 21. Bc2 cxd4 22. exd4 Bxc2 23. Qxc2 Qxf4 24. Rf1 Qe3+ 25. Kh1 Rxd4 26. Qb3 Rd6 27. Rad1 Rcd7 28. Rxd6 Rxd6 29. Qa4 Rd8 30. Qc4 Re8 31. Qc6 Kf7 32. g4 Qd3 33. Kg1 g6 34. Qc7+ Re7 35. Qe5 Qe3+ 36. Kh1 Qe2 37. Rg1 Qf3+ 38. Rg2 Rd7 39. h3 Qxh3+ 0-1

[Event "Novokuznetsk Kuzbass Festival"]
[Site "Novokuznetsk"]
[Date "2014.??.??"]
[Round "5"]
[White "Kotenko, Vadim"]
[Black "Shilintsev, Vladimir"]
[Result "1-0"]
[WhiteElo "2032"]
[BlackElo "1888"]
[PlyCount "45"]
[EventDate "2014.??.??"]
[EventType "swiss"]
[EventRounds "7"]
[EventCountry "RUS"]
[SourceTitle "EXT 2016"]
[Source "ChessBase"]
[SourceDate "2015.10.08"]
[SourceVersion "1"]
[SourceVersionDate "2015.10.08"]
[SourceQuality "1"]

1. d4 d5 2. Nf3 Nf6 3. Bg5 Ne4 4. Bf4 e6 5. Nbd2 Bd6 6. Bxd6 Qxd6 7. e3 Qb4 8. Qb1 Nxd2 9. Nxd2 0-0 10. Bd3 b6 11. Bxh7+ Kh8 12. c3 Qe7 13. Bd3 Qg5 14. 0-0 Qh6 15. f4 g5 16. fxg5 Qxg5 17. Rf3 e5 18. Rg3 Qh6 19. Bf5 Qf6 20. Bxc8 Rxc8 21. Rh3+ Kg7 22. Qh7+ Kf8 23. Qh8+ 1-0

[Event "Novokuznetsk Spring op"]
[Site "Novokuznetsk"]
[Date "2013.04.14"]
[Round "5"]
[White "Kotenko, Vadim"]
[Black "Kolesnikov, Oleg"]
[Result "1-0"]
[WhiteElo "2088"]
[BlackElo "1974"]
[PlyCount "91"]
[EventDate "2013.03.31"]
[EventType "swiss"]
[EventRounds "9"]
[EventCountry "RUS"]
[SourceTitle "EXT 2015"]
[Source "ChessBase"]
[SourceDate "2014.11.20"]
[SourceVersion "1"]
[SourceVersionDate "2014.11.20"]
[SourceQuality "1"]

1. d4 d5 2. Nf3 Bf5 3. c3 e6 4. Bg5 Be7 5. Bxe7 Nxe7 6. e3 h6 7. Bd3 c6 8. Bxf5 Nxf5 9. Nbd2 Nd7 10. e4 Nd6 11. e5 Nf5 12. 0-0 Nb6 13. Ne1 0-0 14. Qe2 Rc8 15. Nd3 Nd7 16. g4 Nh4 17. f4 Ng6 18. f5 exf5 19. gxf5 Nh8 20. Kh1 Re8 21. Rg1 Kh7 22. Rg2 Qe7 23. Rag1 Rg8 24. Qg4 g6 25. Nf4 Qe8 26. f6 Nf8 27. Nf3 g5 28. Qf5+ Rg6 29. Nxg5+ hxg5 30. Rxg5 Kg8 31. Nxg6 Nfxg6 32. h4 Rc7 33. h5 Kf8 34. hxg6 fxg6 35. Qh3 Kg8 36. Kg2 Rh7 37. Qg4 Kf7 38. Rh1 Rxh1 39. Kxh1 Qe6 40. Kg2 b6 41. Qh4 Kg8 42. Qh6 Qf7 43. Rg3 Qh7 44. Qxh7+ Kxh7 45. e6 Kg8 46. Rh3 1-0

[Event "Novokuznetsk op"]
[Site "Novokuznetsk"]
[Date "2010.01.02"]
[Round "1"]
[White "Sergeev, Sergei"]
[Black "Kotenko, Vadim"]
[Result "1/2-1/2"]
[WhiteElo "2096"]
[BlackElo "2097"]
[PlyCount "54"]
[EventDate "2010.01.02"]
[EventType "swiss"]
[EventRounds "10"]
[EventCountry "RUS"]
[SourceTitle "CBM 134 Extra"]
[Source "ChessBase"]
[SourceDate "2010.03.03"]
[SourceVersion "1"]
[SourceVersionDate "2010.03.03"]
[SourceQuality "1"]

1. e4 e6 2. d4 d5 3. Nc3 Nf6 4. e5 Nfd7 5. f4 c5 6. Nf3 Nc6 7. Be3 cxd4 8. Nxd4 Nxd4 9. Bxd4 Bc5 10. Nb5 0-0 11. Bxc5 Nxc5 12. Qd4 Qb6 13. Be2 Bd7 14. Nd6 Rab8 15. 0-0 Na4 16. Qxb6 Nxb6 17. c4 Nxc4 18. Bxc4 dxc4 19. Nxc4 Bb5 20. Rfc1 Bxc4 21. Rxc4 Rfc8 22. Rac1 Rxc4 23. Rxc4 b6 24. Rc7 a5 25. Kf2 h6 26. Ke3 g5 27. fxg5 hxg5 1/2-1/2

[Event "Novokuznetsk-ch op"]
[Site "Novokuznetsk"]
[Date "2007.11.24"]
[Round "8"]
[White "Kotenko, Vadim"]
[Black "Shurenkov, Evgeniy"]
[Result "0-1"]
[WhiteElo "2114"]
[BlackElo "2067"]
[PlyCount "60"]
[EventDate "2007.11.24"]
[EventType "swiss"]
[EventRounds "9"]
[EventCountry "RUS"]
[SourceTitle "EXT 2022"]
[Source "ChessBase"]
[SourceDate "2021.10.06"]
[SourceVersion "1"]
[SourceVersionDate "2021.10.06"]
[SourceQuality "1"]

1. d4 Nf6 2. Nf3 g6 3. Bg5 Bg7 4. c3 0-0 5. Nbd2 d5 6. e3 Bf5 7. Ne5 Ne4 8. Nxe4 Bxe4 9. Bf4 Nd7 10. Nxd7 Qxd7 11. f3 Bf5 12. Bd3 Rac8 13. b4 f6 14. 0-0 e5 15. Bg3 Kh8 16. Qc2 Rce8 17. e4 Be6 18. dxe5 fxe5 19. exd5 Bxd5 20. Rad1 Qf7 21. c4 Be6 22. a4 Bf5 23. Rfe1 Qe7 24. c5 b6 25. Bf2 Qg5 26. Be3 Qh4 27. b5 e4 28. fxe4 Bxe4 29. Bxe4 Qxe4 30. Bf2 Qxc2 0-1

[Event "Novokuznetsk-ch op"]
[Site "Novokuznetsk"]
[Date "2007.11.24"]
[Round "1"]
[White "Maksichko, Vasily"]
[Black "Kotenko, Vadim"]
[Result "0-1"]
[WhiteElo "1883"]
[BlackElo "2114"]
[PlyCount "92"]
[EventDate "2007.11.24"]
[EventType "swiss"]
[EventRounds "9"]
[EventCountry "RUS"]
[SourceTitle "EXT 2022"]
[Source "ChessBase"]
[SourceDate "2021.10.06"]
[SourceVersion "1"]
[SourceVersionDate "2021.10.06"]
[SourceQuality "1"]

1. c4 e6 2. Nc3 d5 3. e3 c6 4. Nf3 Nd7 5. cxd5 exd5 6. b3 Bd6 7. Bb2 Ngf6 8. Bd3 Nc5 9. Bc2 Bg4 10. h3 Bh5 11. g4 Bg6 12. Nd4 Nd3+ 13. Bxd3 Bxd3 14. Nce2 c5 15. Nf5 0-0 16. Nxg7 Kxg7 17. g5 d4 18. gxf6+ Qxf6 19. b4 b6 20. Qb3 c4 21. Qd1 Be5 22. Bxd4 Bxd4 23. Nxd4 Qxd4 24. Qg4+ Qxg4 25. hxg4 Rad8 26. 0-0-0 Rd5 27. f4 Rfd8 28. f5 Be2 29. Rde1 Bxg4 30. Reg1 h5 31. Rxh5 Rxd2 32. Rxg4+ Kf6 33. Rxc4 Rxa2 34. Rc6+ Ke5 35. Rc7 Rg8 36. Kb1 Re2 37. Rh3 Rg1+ 38. Rc1 Rxc1+ 39. Kxc1 Kxf5 40. Rf3+ Ke6 41. Kb1 f5 42. Rh3 Kd5 43. Rf3 Ke4 44. Rf4+ Ke5 45. Rf3 Rg2 46. Rh3 Rg4 0-1

[Event "Abaza op"]
[Site "Abaza"]
[Date "2007.07.??"]
[Round "2"]
[White "Pavlov, Oleg Yuryevich"]
[Black "Kotenko, Vadim"]
[Result "1/2-1/2"]
[WhiteElo "2286"]
[BlackElo "2125"]
[PlyCount "120"]
[EventDate "2007.07.16"]
[EventType "swiss"]
[EventRounds "9"]
[EventCountry "RUS"]
[SourceTitle "EXT 2022"]
[Source "ChessBase"]
[SourceDate "2021.10.06"]
[SourceVersion "1"]
[SourceVersionDate "2021.10.06"]
[SourceQuality "1"]

1. c4 Nf6 2. Nc3 e6 3. Nf3 d5 4. d4 c6 5. Bg5 Nbd7 6. e3 Qa5 7. cxd5 Nxd5 8. Qd2 Bb4 9. Rc1 N7f6 10. Bd3 h6 11. Bh4 g5 12. Bg3 Nh5 13. Be5 Rf8 14. g4 Nhf6 15. h3 Nxc3 16. bxc3 Be7 17. 0-0 b6 18. Bg3 Bb7 19. Ne5 h5 20. e4 hxg4 21. hxg4 c5 22. Qe2 Rh8 23. Nc4 Qa4 24. Nd6+ Bxd6 25. Bb5+ Kd8 26. f3 Ba6 27. Bxa4 Bxe2 28. Bxd6 Bxf1 29. Rxf1 Ne8 30. Bg3 cxd4 31. cxd4 Rc8 32. d5 exd5 33. exd5 Rh6 34. Re1 Nd6 35. Bc6 a6 36. Bxd6 Rxd6 37. Re8+ Kc7 38. Re7+ Kd8 39. Re8+ Kc7 40. Re7+ Kd8 41. Ra7 a5 42. Rb7 Rcxc6 43. dxc6 Rxc6 44. Rxf7 Rc2 45. a4 Rc4 46. Rb7 Rxa4 47. Rxb6 Rb4 48. Rg6 Rb5 49. Kf2 Ke7 50. Ke3 Kf7 51. Ra6 Kg7 52. Kd4 Kf7 53. Ke4 Kg7 54. f4 Rb4+ 55. Kf5 gxf4 56. Ra7+ Kf8 57. Rxa5 f3 58. Ra2 f2 59. Rxf2 Rb7 60. Kg6+ Kg8 1/2-1/2